Statistics for Countries with most Grand Slam Tennis Titles

Click here to take the quiz!

General Stats

  • This quiz has been taken 26,679 times
    (26,291 since last reset)
  • The average score is 8 of 10

Answer Stats

#Top PlayerCountry% Correct
143Serena WilliamsUnited States
100%
34Rafael NadalSpain
95%
32Steffi GrafGermany
92%
12Maria SharapovaRussia
91%
29Roger FedererSwitzerland
89%
42Margaret CourtAustralia
87%
25Björn BorgSweden
82%
25Novak DjokovicSerbia
74%
11Justine HeninBelgium
58%
15Ivan LendlCzechoslovakia
42%

Score Distribution

Percentile by Number Answered

Percent of People with Each Score

Your Score History

You have not taken this quiz since the last reset